000 00637nam a2200241Ia 4500
003 OSt
005 20220918195301.0
006 a|||||r|||| 00| 0
007 ta
008 220917b |||||||| |||| 00| 0 eng d
024 _a84,481
037 _cTextual
040 _aARTS
_cARTS
_beng
041 _2eng
_aeng
082 _aS8, L94
100 _aBaron Robert A
_925938
245 0 _aExplorings social psychology
260 _aBoston
_bAllyn And bacton
_c1979
650 _aSOCIAL PSYCHOLOGY
700 _a Byrne Donn
_955795
942 _hS8, L94
_cTEXL
_2CC
999 _c208195
_d208195